[Event "Las Vegas National op"]
[Site "Las Vegas"]
[Date "2023.06.14"]
[Round "1"]
[White "Hiwale, Ronak"]
[Black "Chasin, Nico Werner"]
[Result "1-0"]
[WhiteElo "1992"]
[BlackElo "2459"]
[PlyCount "101"]
[EventDate "2023.06.14"]
[EventType "swiss"]
[EventRounds "9"]
[EventCountry "USA"]
[SourceTitle "CBM 214 Extra"]
[Source "ChessBase"]
[SourceDate "2023.07.31"]
[SourceVersion "1"]
[SourceVersionDate "2023.07.31"]
[SourceQuality "1"]

1. d4 Nf6 2. c4 e6 3. Nf3 d5 4. Nc3 Bb4 5. a3 Bxc3+ 6. bxc3 0-0 7. cxd5 exd5 8. e3 c5 9. c4 Nc6 10. dxc5 Qa5+ 11. Bd2 Qxc5 12. cxd5 Qxd5 13. Bc3 Qc5 14. Bxf6 gxf6 15. Bd3 Qc3+ 16. Ke2 Bg4 17. Qb1 Rfe8 18. Bxh7+ Kg7 19. Rc1 Qe5 20. Rc4 f5 21. Rxg4+ fxg4 22. Nxe5 Nxe5 23. Bf5 Rad8 24. Qxb7 Rb8 25. Qe4 Rb3 26. Bxg4 Rb2+ 27. Kf1 Kf8 28. Rd1 a5 29. Qd4 Rc2 30. Qd6+ Kg7 31. Bd7 Nc4 32. Qd4+ Re5 33. Qd3 Rc5 34. Qd4+ Re5 35. f4 Nxe3+ 36. Kg1 Nxd1 37. Qxe5+ Kg8 38. Qg5+ Kf8 39. Qd8+ Kg7 40. Qxa5 Rc1 41. h4 Ne3+ 42. Kh2 Nf1+ 43. Kh3 Rd1 44. Bg4 Rd3+ 45. Bf3 Nd2 46. Qg5+ Kf8 47. a4 Ne4 48. Qb5 Re3 49. Qb8+ Kg7 50. Qe5+ Kg8 51. Qxe4 1-0